<?xml version="1.0" encoding="UTF-8"?>
<record
    xmlns:xsi="http://www.w3.org/2001/XMLSchema-instance"
    xsi:schemaLocation="http://www.loc.gov/MARC21/slim http://www.loc.gov/standards/marcxml/schema/MARC21slim.xsd"
    xmlns="http://www.loc.gov/MARC21/slim">

  <leader>01458nam a2200205 a 4500</leader>
  <controlfield tag="008">171114e2016    ag ||||| |||| 00| f spa d</controlfield>
  <datafield tag="020" ind1=" " ind2=" ">
    <subfield code="a">9789871173327</subfield>
  </datafield>
  <datafield tag="041" ind1=" " ind2=" ">
    <subfield code="a">spa</subfield>
  </datafield>
  <datafield tag="092" ind1=" " ind2=" ">
    <subfield code="c">808</subfield>
    <subfield code="l">6</subfield>
    <subfield code="s">BAL</subfield>
  </datafield>
  <datafield tag="100" ind1="1" ind2=" ">
    <subfield code="a">Balogh, Mary</subfield>
    <subfield code="9">3378</subfield>
  </datafield>
  <datafield tag="245" ind1=" " ind2=" ">
    <subfield code="a">C&#xE1;sate conmigo /</subfield>
    <subfield code="c">Mary Balogh</subfield>
  </datafield>
  <datafield tag="250" ind1=" " ind2=" ">
    <subfield code="a">1a ed.</subfield>
  </datafield>
  <datafield tag="260" ind1=" " ind2=" ">
    <subfield code="a">Buenos Aires:</subfield>
    <subfield code="b">Cisne;</subfield>
    <subfield code="c">2016.</subfield>
  </datafield>
  <datafield tag="300" ind1=" " ind2=" ">
    <subfield code="a">348 p.</subfield>
  </datafield>
  <datafield tag="500" ind1=" " ind2=" ">
    <subfield code="a">Balogh, M. (2016). C&#xE1;sate conmigo. (1a ed.). Buenos Aires : Cisne.</subfield>
  </datafield>
  <datafield tag="505" ind1=" " ind2=" ">
    <subfield code="a">La primera novela de la serie de los Huxtable, La aldea de Throckbridge est&#xE1; conmocionada desde hace unos d&#xED;as. La llegada desde Londres de Elliot Wallace, el irresistible vizconde Lyngate, es el principal motivo. Su  misi&#xF3;n en calidad de tutor de un joven e indomable duque no le impedir&#xE1; hallar otros pasatiempos, como intentar casarse con Margaret Huxtable, la hermana mayor del duque. Ella podr&#xED;a vigilar de cerca la presentaci&#xF3;n en sociedad de sus hermanas menores y &#xE9;l obtendr&#xED;a una esposa muy adecuada a sus necesidades... Pero Vanessa, la hermana mediana, no opina lo mismo. Porque Margaret ama en realidad a otro hombre. As&#xED; que Vanessa se propondr&#xE1; -tremendo sacrificio- como esposa del apuesto Elliot. Mientras la extra&#xF1;a pareja se pone de acuerdo sobre c&#xF3;mo llegar al lecho conyugal, va a develarse un secreto del pasado: uno que relaciona a Elliott con los Hustable...</subfield>
  </datafield>
  <datafield tag="590" ind1=" " ind2=" ">
    <subfield code="a">DONACION VERONICA ARIAS NOV/2017</subfield>
  </datafield>
  <datafield tag="655" ind1=" " ind2=" ">
    <subfield code="a">Literatura</subfield>
    <subfield code="9">2917</subfield>
  </datafield>
  <datafield tag="942" ind1=" " ind2=" ">
    <subfield code="2">ddc</subfield>
    <subfield code="c">LIT</subfield>
  </datafield>
  <datafield tag="999" ind1=" " ind2=" ">
    <subfield code="c">2580</subfield>
    <subfield code="d">2580</subfield>
  </datafield>
  <datafield tag="952" ind1=" " ind2=" ">
    <subfield code="0">0</subfield>
    <subfield code="1">0</subfield>
    <subfield code="2">ddc</subfield>
    <subfield code="4">0</subfield>
    <subfield code="7">0</subfield>
    <subfield code="a">BFM</subfield>
    <subfield code="b">BFM</subfield>
    <subfield code="c">CR</subfield>
    <subfield code="d">2017-11-14</subfield>
    <subfield code="e">Donacion</subfield>
    <subfield code="l">2</subfield>
    <subfield code="o">808;6;BAL</subfield>
    <subfield code="p">4041</subfield>
    <subfield code="r">2019-07-05</subfield>
    <subfield code="s">2019-06-26</subfield>
    <subfield code="t">Ej. 1</subfield>
    <subfield code="w">2017-11-14</subfield>
    <subfield code="y">LIT</subfield>
    <subfield code="z">DONACION VERONICA ARIAS NOV/2017</subfield>
  </datafield>
</record>
